| 000 | 00777nam a2200265Ia 4500 | ||
|---|---|---|---|
| 003 | OSt | ||
| 005 | 20220924115814.0 | ||
| 006 | a|||||r|||| 00| 0 | ||
| 007 | ta | ||
| 008 | 220923b |||||||| |||| 00| 0 urd d | ||
| 020 | _a9789350737248 (hbk) | ||
| 020 | _c300 | ||
| 024 | _a290725 | ||
| 037 |
_b4689, 09/03/2016, Kitabi Duniya _cTextual |
||
| 040 |
_aARTS _cARTS _burd |
||
| 041 |
_2urd _aurd |
||
| 082 | _aO168,3NMAx, Q6 | ||
| 100 |
_aJahan Masroor Au. _9179656 |
||
| 245 | 0 | _aHume jeene do | |
| 260 |
_aDelhi _bEducational Publishing House India _c2016 |
||
| 300 |
_a252p. _ccm. |
||
| 650 |
_aURDU FICTION _93298 |
||
| 942 |
_hO168,3NMAx, Q6 _cTEXL _2CC |
||
| 999 |
_c399964 _d399964 |
||